<?xml version="1.0" encoding="UTF-8"?>
<record
    xmlns:xsi="http://www.w3.org/2001/XMLSchema-instance"
    xsi:schemaLocation="http://www.loc.gov/MARC21/slim http://www.loc.gov/standards/marcxml/schema/MARC21slim.xsd"
    xmlns="http://www.loc.gov/MARC21/slim">

  <leader>02179nam a22002777a 4500</leader>
  <controlfield tag="003">NALT</controlfield>
  <controlfield tag="005">20250703123110.0</controlfield>
  <controlfield tag="008">240320b        th ||||| |||| 00| 0 tha d</controlfield>
  <datafield tag="020" ind1=" " ind2=" ">
    <subfield code="a">9748578224</subfield>
  </datafield>
  <datafield tag="040" ind1=" " ind2=" ">
    <subfield code="a">NALT</subfield>
  </datafield>
  <datafield tag="050" ind1=" " ind2=" ">
    <subfield code="a">BQ 5798.T5</subfield>
    <subfield code="b">&#xE2A;245&#xE2D; 2566</subfield>
  </datafield>
  <datafield tag="100" ind1="0" ind2=" ">
    <subfield code="a">&#xE2A;&#xE21;&#xE40;&#xE14;&#xE47;&#xE08;&#xE1E;&#xE23;&#xE30;&#xE1E;&#xE38;&#xE17;&#xE18;&#xE42;&#xE06;&#xE29;&#xE32;&#xE08;&#xE32;&#xE23;&#xE22;&#xE4C; (&#xE1B;.&#xE2D;. &#xE1B;&#xE22;&#xE38;&#xE15;&#xE3A;&#xE42;&#xE15;)</subfield>
    <subfield code="9">29109</subfield>
  </datafield>
  <datafield tag="245" ind1="1" ind2="0">
    <subfield code="a">&#xE2D;&#xE21;&#xE24;&#xE15;&#xE1E;&#xE08;&#xE19;&#xE32; : </subfield>
    <subfield code="b">&#xE1E;&#xE38;&#xE17;&#xE18;&#xE28;&#xE32;&#xE2A;&#xE19;&#xE2A;&#xE38;&#xE20;&#xE32;&#xE29;&#xE34;&#xE15; /</subfield>
    <subfield code="c">&#xE2A;&#xE21;&#xE40;&#xE14;&#xE47;&#xE08;&#xE1E;&#xE23;&#xE30;&#xE1E;&#xE38;&#xE17;&#xE18;&#xE42;&#xE06;&#xE29;&#xE32;&#xE08;&#xE32;&#xE23;&#xE22;&#xE4C; (&#xE1B;.&#xE2D;. &#xE1B;&#xE22;&#xE38;&#xE15;&#xE3A;&#xE42;&#xE15;).</subfield>
  </datafield>
  <datafield tag="250" ind1=" " ind2=" ">
    <subfield code="a">&#xE1E;&#xE34;&#xE21;&#xE1E;&#xE4C;&#xE04;&#xE23;&#xE31;&#xE49;&#xE07;&#xE17;&#xE35;&#xE48; 35.</subfield>
  </datafield>
  <datafield tag="260" ind1=" " ind2=" ">
    <subfield code="a">&#xE01;&#xE23;&#xE38;&#xE07;&#xE40;&#xE17;&#xE1E;&#xE2F; :</subfield>
    <subfield code="b">&#xE21;&#xE39;&#xE25;&#xE19;&#xE34;&#xE18;&#xE34;&#xE18;&#xE23;&#xE23;&#xE21;&#xE17;&#xE32;&#xE19;&#xE01;&#xE38;&#xE28;&#xE25;&#xE08;&#xE34;&#xE15;,</subfield>
    <subfield code="c">2566.</subfield>
  </datafield>
  <datafield tag="300" ind1=" " ind2=" ">
    <subfield code="a">123 &#xE2B;&#xE19;&#xE49;&#xE32; ;</subfield>
    <subfield code="a">21 &#xE0B;.&#xE21;.</subfield>
  </datafield>
  <datafield tag="500" ind1=" " ind2=" ">
    <subfield code="a">&#xE09;&#xE1A;&#xE31;&#xE1A;&#xE1A;&#xE32;&#xE25;&#xE35;&#xE44;&#xE17;&#xE22;</subfield>
  </datafield>
  <datafield tag="505" ind1="0" ind2=" ">
    <subfield code="a">&#xE04;&#xE19; --
&#xE1D;&#xE36;&#xE01;&#xE15;&#xE19;-&#xE23;&#xE31;&#xE1A;&#xE1C;&#xE34;&#xE14;&#xE0A;&#xE2D;&#xE1A;&#xE15;&#xE19; --
&#xE08;&#xE34;&#xE15;&#xE43;&#xE08; --
&#xE01;&#xE32;&#xE23;&#xE28;&#xE36;&#xE01;&#xE29;&#xE32; --
&#xE1B;&#xE31;&#xE0D;&#xE0D;&#xE32; --
&#xE40;&#xE25;&#xE35;&#xE49;&#xE22;&#xE07;&#xE0A;&#xE35;&#xE1E;-&#xE2A;&#xE23;&#xE49;&#xE32;&#xE07;&#xE15;&#xE31;&#xE27; --
&#xE40;&#xE1E;&#xE35;&#xE22;&#xE23;&#xE1E;&#xE22;&#xE32;&#xE22;&#xE32;&#xE21;-&#xE17;&#xE33;&#xE2B;&#xE19;&#xE49;&#xE32;&#xE17;&#xE35;&#xE48; --
&#xE04;&#xE23;&#xE2D;&#xE1A;&#xE04;&#xE23;&#xE31;&#xE27;-&#xE0D;&#xE32;&#xE15;&#xE34;&#xE21;&#xE34;&#xE15;&#xE23; --
&#xE01;&#xE32;&#xE23;&#xE04;&#xE1A;&#xE2B;&#xE32; --
&#xE01;&#xE32;&#xE23;&#xE40;&#xE1A;&#xE35;&#xE22;&#xE14;&#xE40;&#xE1A;&#xE35;&#xE22;&#xE19;-&#xE01;&#xE32;&#xE23;&#xE0A;&#xE48;&#xE27;&#xE22;&#xE40;&#xE2B;&#xE25;&#xE37;&#xE2D;&#xE01;&#xE31;&#xE19; --
&#xE2A;&#xE32;&#xE21;&#xE31;&#xE04;&#xE04;&#xE35; --
&#xE01;&#xE32;&#xE23;&#xE1B;&#xE01;&#xE04;&#xE23;&#xE2D;&#xE07; --
&#xE1A;&#xE38;&#xE0D;-&#xE1A;&#xE32;&#xE1B;, &#xE18;&#xE23;&#xE23;&#xE21;-&#xE2D;&#xE18;&#xE23;&#xE23;&#xE21;, &#xE04;&#xE27;&#xE32;&#xE21;&#xE14;&#xE35; --
&#xE01;&#xE23;&#xE23;&#xE21; --
&#xE01;&#xE34;&#xE40;&#xE25;&#xE2A; --
&#xE04;&#xE38;&#xE13;&#xE18;&#xE23;&#xE23;&#xE21; --
&#xE27;&#xE32;&#xE08;&#xE32; --
&#xE0A;&#xE35;&#xE27;&#xE34;&#xE15;-&#xE04;&#xE27;&#xE32;&#xE21;&#xE15;&#xE32;&#xE22; --
&#xE1E;&#xE31;&#xE19;&#xE17;&#xE38;&#xE01;&#xE02;&#xE4C;-&#xE1E;&#xE1A;&#xE2A;&#xE38;&#xE02; --
&#xE04;&#xE27;&#xE32;&#xE21;&#xE40;&#xE1B;&#xE47;&#xE19;&#xE21;&#xE32;&#xE02;&#xE2D;&#xE07;&#xE2B;&#xE19;&#xE31;&#xE07;&#xE2A;&#xE37;&#xE2D; --
&#xE04;&#xE33;&#xE1B;&#xE23;&#xE32;&#xE23;&#xE20; (&#xE43;&#xE19;&#xE01;&#xE32;&#xE23;&#xE1E;&#xE34;&#xE21;&#xE1E;&#xE4C;&#xE09;&#xE1A;&#xE31;&#xE1A; &#xE1A;&#xE32;&#xE25;&#xE35;-&#xE44;&#xE17;&#xE22;-&#xE2D;&#xE31;&#xE07;&#xE01;&#xE24;&#xE29; &#xE04;&#xE23;&#xE31;&#xE49;&#xE07;&#xE17;&#xE35;&#xE48; &#xE51;).
</subfield>
  </datafield>
  <datafield tag="650" ind1=" " ind2="4">
    <subfield code="a">&#xE1E;&#xE38;&#xE17;&#xE18;&#xE20;&#xE32;&#xE29;&#xE34;&#xE15; </subfield>
    <subfield code="9">22810</subfield>
  </datafield>
  <datafield tag="650" ind1=" " ind2="4">
    <subfield code="a">&#xE04;&#xE33;&#xE04;&#xE21;&#xE17;&#xE32;&#xE07;&#xE1E;&#xE38;&#xE17;&#xE18;&#xE28;&#xE32;&#xE2A;&#xE19;&#xE32;</subfield>
    <subfield code="9">63465</subfield>
  </datafield>
  <datafield tag="942" ind1=" " ind2=" ">
    <subfield code="c">GB</subfield>
    <subfield code="2">lcc</subfield>
  </datafield>
  <datafield tag="952" ind1=" " ind2=" ">
    <subfield code="0">0</subfield>
    <subfield code="1">0</subfield>
    <subfield code="2">lcc</subfield>
    <subfield code="4">0</subfield>
    <subfield code="7">0</subfield>
    <subfield code="8">CGBL</subfield>
    <subfield code="a">NALT</subfield>
    <subfield code="b">NALT</subfield>
    <subfield code="c">GEN</subfield>
    <subfield code="d">2024-03-20</subfield>
    <subfield code="l">55</subfield>
    <subfield code="m">9</subfield>
    <subfield code="o">BQ 5798.T5 &#xE2A;245&#xE2D; 2566</subfield>
    <subfield code="p">3961222897</subfield>
    <subfield code="q">2025-07-14</subfield>
    <subfield code="r">2025-07-03</subfield>
    <subfield code="s">2025-07-03</subfield>
    <subfield code="w">2024-03-20</subfield>
    <subfield code="y">GB</subfield>
  </datafield>
  <datafield tag="996" ind1=" " ind2=" ">
    <subfield code="a">chunbijaya.r</subfield>
    <subfield code="b">CATSTF	</subfield>
    <subfield code="c">2024-03-20</subfield>
  </datafield>
  <datafield tag="996" ind1=" " ind2=" ">
    <subfield code="a">saiphon.d</subfield>
    <subfield code="b">CATSTF	</subfield>
    <subfield code="c">2024-03-21</subfield>
  </datafield>
  <datafield tag="999" ind1=" " ind2=" ">
    <subfield code="c">105008</subfield>
    <subfield code="d">105008</subfield>
  </datafield>
  <datafield tag="998" ind1=" " ind2=" ">
    <subfield code="j">111</subfield>
    <subfield code="k"> &#xE19;&#xE32;&#xE07;&#xE2A;&#xE32;&#xE27;&#xE1E;&#xE08;&#xE1E;&#xE34;&#xE13;  &#xE1E;&#xE23;&#xE21;&#xE40;&#xE2D;&#xE35;&#xE48;&#xE22;&#xE21;</subfield>
  </datafield>
</record>
